Sports Quiz

Random Sports or NHL Quiz

Ex Columbus Blue Jackets as Stanley Cup Champions Quiz Stats

 Plays Quiz not verified by Sporcle

Challenge
Share
Tweet
Embed
Score 0/29 Timer 20:00
0 Plays Today
Hint Answer % Correct
Los Angeles Kings (2014, 2012)Jeff Carter
83.3%
Chicago Blackhawks (2015, 2013)Brandon Saad
75%
Pittsburgh Penguins (2017, 2016)Ian Cole
75%
Detroit Red Wings (2002, 1998, 1997)Sergei Fedorov
63.9%
Los Angeles KIngs (2014)Marian Gaborik
61.1%
Pittsburgh Penguins (2017)Ron Hainsey
56.3%
Chicago Blackhawks (2015)Antoine Vermette
52.8%
Colorado Avalanche (2001, 1996)Adam Foote
52.8%
Carolina Hurricanes (2006)Ray Whitney
50%
Boston Bruins (2011)Nathan Horton
41.7%
Tampa Bay Lightning (2004)Fredrik Modin
41.7%
Montreal Canadiens (1993)Lyle Odelein
33.3%
Anaheim Ducks (2007)Francois Beauchemin
30%
Carolina Hurricanes (2006)Mike Commodore
27.8%
Tampa Bay Lightning (2004) Dallas Stars (1999)Darryl Sydor
27.8%
Hint Answer % Correct
Anaheim Ducks (2007)Samuel Pahlsson
25%
Carolina Hurricanes (2006)Kevyn Adams
23.3%
Anaheim Ducks (2007)Todd Marchant
22.2%
Pittsburgh Penguins (2009)Mathieu Garon
16.7%
Detroit Red Wings (2002)Jason Williams
13.9%
Detroit Red Wings (1998)Anders Eriksson
13.9%
Detroit Red Wings (1997)Jamie Pushor
13.9%
Detroit Red Wings (2008)Brett Lebda
11.1%
New Jersey Devils (2003) Dallas Stars (1999)Grant Marshall
11.1%
New Jersey Devils (2003)Mike Rupp
11.1%
Detroit Red Wings (2008) Anaheim Ducks (2007)Mark Hartigan
8.3%
Anaheim Ducks (2007)Aaron Rome
8.3%
Anaheim Ducks (2007)Joe Motzko
2.8%
Dallas Stars (1999)Blake Sloan
2.8%

You're not logged in!

Compare scores with friends on all Sporcle quizzes.
OR
Log In

You Might Also Like...

Show Comments

Extras

Top Quizzes Today


Score Distribution

Your Account Isn't Verified!

In order to create a playlist on Sporcle, you need to verify the email address you used during registration. Go to your Sporcle Settings to finish the process.

Report this User

Report this user for behavior that violates our Community Guidelines.

Details: